00584nam a2200169 a 450000100100000000500170001000800410002702000150006804000250008310000360010824500680014426000500021230000210026204900090028395201050029299900170039700003414220200930070817.0110926s2001 cu 000 0 spa d a9590901859 aDO-SdBNPbspacBNPHU1 aChávez Rivera, Armando95956110aMemorias de papel :bconversaciones /cArmando Chávez Rivera. aLa Habana :bEditorial José Martí,c2001. a291 p. ;c20 cm. aBNPD 001050718MOaGRbGRcCTd2011-09-26iLF1l0o p34142-10r2020-06-25w2020-06-25y1ZNo se presta c33633d33633